ARRUPE JESUIT UNIVERSITY

CORONAVIRUS -STOP THE SPREAD - CLEAN,DISINFECT,COVER

Annuario pontificio (Record no. 125794)

MARC details
000 -LEADER
fixed length control field 00459nam a22001457a 4500
005 - DATE AND TIME OF LATEST TRANSACTION
control field 20161207102757.0
008 - FIXED-LENGTH DATA ELEMENTS--GENERAL INFORMATION
fixed length control field 161129b xxu||||| |||| 00| 0 eng d
050 ## - LIBRARY OF CONGRESS CALL NUMBER
Classification number REF BX845.A75 2010
110 ## - MAIN ENTRY--CORPORATE NAME
Corporate name or jurisdiction name as entry element Catholic Church
9 (RLIN) 27653
245 ## - TITLE STATEMENT
Title Annuario pontificio
Statement of responsibility, etc by Catholic Church
260 ## - PUBLICATION, DISTRIBUTION, ETC. (IMPRINT)
Place of publication, distribution, etc Citta del Vaticano
Name of publisher, distributor, etc Libreria Editrice Vaticana
Date of publication, distribution, etc 2010
300 ## - PHYSICAL DESCRIPTION
Extent 2351p.;
Dimensions 18cm.
610 ## - SUBJECT ADDED ENTRY--CORPORATE NAME
Corporate name or jurisdiction name as entry element Catholic Church
General subdivision Dictionary
9 (RLIN) 27654
942 ## - ADDED ENTRY ELEMENTS (KOHA)
Source of classification or shelving scheme Library of Congress Classification
Item type Monograph ( Printed materials)
Holdings
Withdrawn status Lost status Source of classification or shelving scheme Damaged status Not for loan Collection code Home library Current library Shelving location Date acquired Total Checkouts Full call number Barcode Date last seen Price effective from Koha item type
    Library of Congress Classification     Main Collection ARRUPE LIBRARY ARRUPE LIBRARY Main Collection 29/11/2016   REF BX845.A75 2010 46500010736 29/11/2016 29/11/2016 REFERENCE

 

Arrupe Library. PO Box MP320 Mt Pleasant, Harare, Zimbabwe
263 242 745411|librarian@aju.ac.zw